Statistics for Click the Movie Subtitle

Click here to take the quiz!

General Stats

  • This quiz has been taken 4,148 times
  • The average score is 14 of 20

Answer Stats

HintAnswer% Correct
The Lord of the Rings:The Fellowship of the Ring
89%
Spider-Man:Homecoming
85%
The Hunger Games:Catching Fire
82%
Captain America:Civil War
82%
Thor:Love and Thunder
82%
Avengers:Infinity War
81%
Kong:Skull Island
78%
Mad Max:Fury Road
77%
The Chronicles of Narnia:Prince Caspian
73%
Pirates of the Caribbean:At World's End
71%
Night at the Museum:Secret of the Tomb
68%
Transformers:Age of Extinction
66%
The Hobbit:The Battle of the Five Armies
66%
X-Men:First Class
59%
Mission: Impossible -Fallout
56%
Star Trek:First Contact
52%
Alien:Resurrection
50%
Ice Age:The Meltdown
49%
The Naked Gun 2½:The Smell of Fear
44%
Jack Reacher:Never Go Back
40%

Score Distribution

Percentile by Number Answered

Percent of People with Each Score

Your Score History

You have not taken this quiz